000 00632nam a2200229Ia 4500
003 OSt
005 20220925222413.0
006 a|||||r|||| 00| 0
007 ta
008 220923b |||||||| |||| 00| 0 eng d
037 _cGeneral Book
040 _aRTL
_cRTL
_beng
041 _2eng
_aeng
082 _aY, L0
100 _aZijderveld Anton C
_919962
245 0 _aAbstract society
_b A cultural analysis of our time
260 _aLondon
_bPenguin Press
_c1970
300 _axii, 179p
_ccm.
650 _aEssays Sociology
942 _hY, L0
_cGB
_2CC
999 _c576959
_d576959